| 000 | 00500nam a2200193Ia 4500 | ||
|---|---|---|---|
| 005 | 20260429112224.0 | ||
| 008 | 260429s9999||||xx |||||||||||||| ||und|| | ||
| 020 | _a9788198146137 | ||
| 041 | _aEnglish | ||
| 082 |
_a153.6 _bRAN |
||
| 100 | _aRanga, Salinder | ||
| 245 | 0 |
_aMastering communication skills / _cSalinder Ranga |
|
| 260 |
_aJaipur : _bYking Book, _c2025. |
||
| 300 | _avi, 276 p.; hb | ||
| 650 | _a Communication | ||
| 650 | _a Intelligence | ||
| 650 | _aPsychology | ||
| 942 | _cTB | ||
| 999 |
_c52970 _d52970 |
||